General Knowledge - Oceania - Statistics

General Stats
  • This quiz has been taken 25 times
  • The average score is 3 of 6
Answer Stats
Question Answer % Correct
Who does Guam belong to? United States
100%
Is Indonesia part of Oceania? No
75%
Who does the Christmas Island belong to? Australia
50%
Who did Tuvalu become independent from? United Kingdom
50%
How many countries are there in Oceania? 14
25%
How many islands are there in Micronesia? 607
25%
No matching quizzes found
Score Distribution
Percent of People with Each Score
Percentile by Number Answered
Your Score History
You have not taken this quiz